000 004290000a22001690004500
003 MACL
005 20151220133632.0
008 151220b xxu||||| |||| 00| 0 eng d
040 _aMACL
_cMACL
041 _aEnglish
082 _a630/BRA
100 _aBrade, S Graham
_921619
245 _aModern Farming
260 _bThe Waverley book company Ltd
_c1950
_aLondon
650 _aAgriculture
_921620
942 _cBK
_k630/BRA
_2ddc
999 _c39676
_d39676